| 000 | 00962cam a2200277 a 4500 | ||
|---|---|---|---|
| 001 | 2163 | ||
| 005 | 20250815161024.0 | ||
| 020 | _a9781600140990 | ||
| 020 | _a9780531284599 | ||
| 040 |
_aDLC _cDLC _dDLC _beng |
||
| 050 | 0 | 0 |
_aQC225.5 _b.M36 2008 |
| 082 | 0 | 0 |
_a534 _222 |
| 100 | 1 | _aManolis, Kay | |
| 245 | 1 | 0 |
_aSound / _cby Kay Manolis. |
| 260 |
_aMinneapolis, : _bScholastic, _c2011 |
||
| 300 |
_a24 pages : _bIllustrations _c24 cm |
||
| 490 | 0 | _aBlastoff! readers. First science | |
| 505 | _aK | ||
| 520 | _a"First Science explains introductory physical science concepts about sound through real-world observation and simple scientific diagrams. Intended for students in grades three through six"--Provided by publisher. | ||
| 521 |
_a550 _bLexile |
||
| 521 |
_aK _bRaz-Plus |
||
| 650 | 0 |
_aSound _vJuvenile literature. |
|
| 650 | 0 |
_aSound _xMeasurement _vJuvenile literature. |
|
| 906 |
_a7 _bcbc _corignew _d1 _eecip _f20 _gy-gencatlg |
||
| 942 |
_2ddc _cBK _n0 |
||
| 999 |
_c2163 _d2163 |
||